<?xml version="1.0" encoding="UTF-8"?>
<collection xmlns="http://www.loc.gov/MARC21/slim">
 <record>
  <leader>01301pam a22003018a 4500</leader>
  <controlfield tag="001">00026741</controlfield>
  <controlfield tag="005">20171026081023.0</controlfield>
  <controlfield tag="008">110817s2006                  ||||||viesd</controlfield>
  <datafield tag="020" ind1=" " ind2=" ">
   <subfield code="c">5100</subfield>
  </datafield>
  <datafield tag="041" ind1="0" ind2="#">
   <subfield code="a">vie</subfield>
  </datafield>
  <datafield tag="082" ind1="1" ind2="4">
   <subfield code="a">796.071</subfield>
   <subfield code="b">TH250D</subfield>
  </datafield>
  <datafield tag="245" ind1="0" ind2="0">
   <subfield code="a">Thể dục 9</subfield>
   <subfield code="b">Sách giáo viên</subfield>
   <subfield code="c">Trần Đồng Lâm (tổng ch.b. kiêm ch.b.)...[và nh. ng. khác]</subfield>
  </datafield>
  <datafield tag="250" ind1="#" ind2="#">
   <subfield code="a">Tái bản lần thứ 1</subfield>
  </datafield>
  <datafield tag="260" ind1="#" ind2="#">
   <subfield code="a">H.</subfield>
   <subfield code="b">Giáo dục</subfield>
   <subfield code="c">2006</subfield>
  </datafield>
  <datafield tag="300" ind1="#" ind2="#">
   <subfield code="a">128 tr.</subfield>
   <subfield code="b">bảng, hình vẽ</subfield>
   <subfield code="c">24 cm.</subfield>
  </datafield>
  <datafield tag="500" ind1="#" ind2="#">
   <subfield code="a">ĐTTS ghi: Bộ Giáo dục và Đào tạo</subfield>
  </datafield>
  <datafield tag="650" ind1="#" ind2="4">
   <subfield code="a">Lớp 9</subfield>
  </datafield>
  <datafield tag="650" ind1="#" ind2="4">
   <subfield code="a">Sách giáo viên</subfield>
  </datafield>
  <datafield tag="650" ind1="#" ind2="4">
   <subfield code="a">Thể dục</subfield>
  </datafield>
  <datafield tag="700" ind1="1" ind2="#">
   <subfield code="a">Nguyễn Hữu Bính</subfield>
  </datafield>
  <datafield tag="700" ind1="1" ind2="#">
   <subfield code="a">Trần Đồng Lâm</subfield>
   <subfield code="e">tổng ch.b. kiêm ch.b.</subfield>
  </datafield>
  <datafield tag="700" ind1="1" ind2="#">
   <subfield code="a">Vũ Học Hải</subfield>
  </datafield>
  <datafield tag="852" ind1="#" ind2="#">
   <subfield code="b">Kho giáo trình</subfield>
   <subfield code="j">KGT.0031605, KGT.0031606, KGT.0031607, KGT.0031608, KGT.0031609, KGT.0031610, KGT.0031611, KGT.0031612, KGT.0031613, KGT.0031614</subfield>
  </datafield>
  <datafield tag="852" ind1="#" ind2="#">
   <subfield code="b">Kho mượn</subfield>
   <subfield code="j">KGT.0031605</subfield>
  </datafield>
  <datafield tag="852" ind1="#" ind2="#">
   <subfield code="b">Kho đọc</subfield>
   <subfield code="j">KD.0011342</subfield>
  </datafield>
  <datafield tag="852" ind1="#" ind2="#">
   <subfield code="j">KGT.0031606</subfield>
   <subfield code="j">KGT.0031608</subfield>
   <subfield code="j">KGT.0031609</subfield>
   <subfield code="j">KGT.0031611</subfield>
   <subfield code="j">KGT.0031614</subfield>
   <subfield code="j">KGT.0031612</subfield>
   <subfield code="j">KGT.0031605</subfield>
   <subfield code="j">KGT.0031607</subfield>
   <subfield code="j">KGT.0031610</subfield>
   <subfield code="j">KGT.0031613</subfield>
  </datafield>
  <datafield tag="910" ind1=" " ind2=" ">
   <subfield code="d">17/08/2011</subfield>
  </datafield>
  <datafield tag="980" ind1="#" ind2="#">
   <subfield code="a">Trung tâm Học liệu Lê Vũ Hùng, Trường Đại học Đồng Tháp</subfield>
  </datafield>
 </record>
</collection>
